[Event "Puerto del Rosario op U2300 "]
[Site "Puerto del Rosario"]
[Date "2018.09.30"]
[Round "7"]
[White "Diaz Martin, Cristina"]
[Black "Lopez Pereyra, Antonio"]
[Result "0-1"]
[WhiteElo "1659"]
[BlackElo "2134"]
[PlyCount "64"]
[EventDate "2018.09.27"]
[EventType "swiss"]
[EventRounds "7"]
[EventCountry "ESP"]
[SourceTitle "CBM 187 Extra"]
[Source "ChessBase"]
[SourceDate "2018.11.04"]
[SourceVersion "1"]
[SourceVersionDate "2018.11.04"]
[SourceQuality "1"]

1. e4 c5 2. Nf3 Nc6 3. c4 Qb6 4. Nc3 e6 5. Be2 Nd4 6. 0-0 Ne7 7. b3 Nec6 8. Bb2 Be7 9. Nb5 Nxf3+ 10. Bxf3 a6 11. Na3 Bf6 12. Bxf6 gxf6 13. Nc2 d6 14. Bh5 Bd7 15. Qf3 Ke7 16. Ne3 Rhg8 17. Ng4 f5 18. exf5 Nd4 19. f6+ Kd8 20. Qe4 Kc7 21. Bxf7 Bc6 22. Qxh7 Rh8 23. Qd3 Bf3 24. gxf3 Rh3 25. Kg2 Rah8 26. Rfe1 Nxf3 27. Qxf3 Rxf3 28. Kxf3 Qc6+ 29. Kg3 e5 30. Ne3 Qd7 31. Nd5+ Kb8 32. Kf3 Rh3+ 0-1

[Event "Canarias-chT"]
[Site "Vecindario"]
[Date "2018.06.01"]
[Round "2.2"]
[White "Diaz Martin, Cristina"]
[Black "Garcia Almeida, Aitana Maria"]
[Result "1/2-1/2"]
[WhiteElo "1624"]
[BlackElo "1606"]
[PlyCount "113"]
[EventDate "2018.05.31"]
[EventType "team-swiss"]
[EventRounds "6"]
[EventCountry "ESP"]
[SourceTitle "EXT 2019"]
[Source "ChessBase"]
[SourceDate "2018.10.10"]
[SourceVersion "1"]
[SourceVersionDate "2018.10.10"]
[SourceQuality "1"]
[WhiteTeam "Roque Niquiomo"]
[BlackTeam "Grandama Santa Lucia III"]
[WhiteTeamCountry "ESP"]
[BlackTeamCountry "ESP"]

1. c4 Nf6 2. g3 g6 3. Bg2 Bg7 4. Nc3 d6 5. Nf3 0-0 6. 0-0 Nbd7 7. d3 e5 8. Rb1 a5 9. a3 Re8 10. b4 axb4 11. axb4 c6 12. Ne1 Qc7 13. Nc2 Nb6 14. Ne3 Be6 15. Qc2 d5 16. c5 Nbd7 17. Na4 b5 18. cxb6 Nxb6 19. Nc5 Bf8 20. b5 cxb5 21. Nxe6 Qxc2 22. Nxc2 Rxe6 23. Rxb5 Ra2 24. Rb2 Rxb2 25. Bxb2 Na4 26. Ba3 Bxa3 27. Nxa3 Rb6 28. Rb1 Rxb1+ 29. Nxb1 Kf8 30. Nd2 Nc3 31. Kf1 Ke7 32. Nf3 Nd7 33. Ke1 h6 34. Kd2 Nb5 35. Bh3 f5 36. e4 dxe4 37. dxe4 Nd6 38. exf5 gxf5 39. Nh4 Kf6 40. Ke2 Nc5 41. f3 Nb3 42. Ng2 Nd4+ 43. Kf2 Nc4 44. Ne3 Nd2 45. f4 Ne4+ 46. Kg2 exf4 47. gxf4 Nc3 48. Kf2 h5 49. Bf1 h4 50. h3 Ne4+ 51. Kg2 Ng3 52. Bd3 Nge2 53. Bxe2 Nxe2 54. Kf3 Nd4+ 55. Kf2 Kg6 56. Ng2 Kh5 57. Ne3 1/2-1/2

[Event "Canarias-chT"]
[Site "Arrecife de Lanzarote"]
[Date "2016.06.23"]
[Round "1.3"]
[White "Diaz Martin, Cristina"]
[Black "Gonzalez Acosta, Angel"]
[Result "0-1"]
[WhiteElo "1492"]
[BlackElo "2034"]
[PlyCount "74"]
[EventDate "2016.06.23"]
[EventType "team-swiss"]
[EventRounds "6"]
[EventCountry "ESP"]
[SourceTitle "EXT 2021"]
[Source "ChessBase"]
[SourceDate "2020.10.23"]
[SourceVersion "1"]
[SourceVersionDate "2020.10.23"]
[SourceQuality "1"]
[WhiteTeam "Roque Niquiomo"]
[BlackTeam "El Tablero de Guanapay"]
[WhiteTeamCountry "ESP"]
[BlackTeamCountry "ESP"]

1. e4 g6 2. d4 Bg7 3. Nc3 d6 4. Nf3 Nf6 5. Be2 0-0 6. 0-0 e5 7. dxe5 dxe5 8. Qxd8 Rxd8 9. Bg5 Re8 10. Rad1 Bd7 11. Bxf6 Bxf6 12. Nd5 Bd8 13. Nd2 c6 14. Ne3 b5 15. c4 a6 16. b4 Bg5 17. Nc2 Be6 18. Nf3 Bf6 19. cxb5 axb5 20. a3 Bb3 21. Nfe1 Rd8 22. Rb1 Bxc2 23. Nxc2 Rd2 24. Bd1 Nd7 25. Rb3 Nb6 26. Rc3 Nc4 27. Re1 Rc8 28. Ne3 Nxe3 29. Rcxe3 Rcd8 30. Bg4 h5 31. Bh3 Bg5 32. Rb3 Rc2 33. g3 Rdd2 34. Rf1 Bd8 35. Rf3 Bb6 36. Rf6 Rd3 37. Bc8 Kg7 0-1

[Event "Canarias-ch U16"]
[Site "San Bartolome de Tirajana"]
[Date "2015.04.10"]
[Round "2"]
[White "Diaz Martin, Cristina"]
[Black "Abderrahaman, Nadia"]
[Result "1-0"]
[WhiteElo "1621"]
[BlackElo "1224"]
[PlyCount "55"]
[EventDate "2015.04.10"]
[EventType "swiss"]
[EventRounds "7"]
[EventCountry "ESP"]
[SourceTitle "EXT 2024"]
[Source "ChessBase"]
[SourceDate "2023.10.10"]
[SourceVersion "1"]
[SourceVersionDate "2023.10.10"]
[SourceQuality "1"]

1. e4 e5 2. Nf3 d6 3. h3 c5 4. Nc3 Nc6 5. Be2 Nf6 6. d3 Be6 7. 0-0 Be7 8. Be3 Nd7 9. Nh2 Nb6 10. f4 f5 11. exf5 Bxf5 12. fxe5 Qd7 13. exd6 Bxd6 14. Bf4 Be6 15. Bg4 Nd4 16. Bxe6 Nxe6 17. Bxd6 Qxd6 18. Qf3 0-0-0 19. Qg4 Kb8 20. Nf3 Rdg8 21. Rae1 Nc7 22. Ne5 Rf8 23. Nf7 Rxf7 24. Rxf7 g6 25. Qf4 Qd8 26. Ree7 Ka8 27. Rxc7 g5 28. Qe4 1-0

[Event "Las Palmas Montalvo Memorial 8th"]
[Site "Las Palmas"]
[Date "2015.03.30"]
[Round "1"]
[White "Garcia Blanco, Omar"]
[Black "Diaz Martin, Cristina"]
[Result "1-0"]
[WhiteElo "2270"]
[BlackElo "1621"]
[PlyCount "89"]
[EventDate "2015.03.30"]
[EventType "swiss"]
[EventRounds "9"]
[EventCountry "ESP"]
[SourceTitle "EXT 2016"]
[Source "ChessBase"]
[SourceDate "2015.10.08"]
[SourceVersion "1"]
[SourceVersionDate "2015.10.08"]
[SourceQuality "1"]

1. e4 e5 2. Nc3 Nc6 3. Bc4 Nf6 4. d3 Bc5 5. h3 h6 6. Nge2 0-0 7. 0-0 d6 8. Kh2 Be6 9. f4 Bxc4 10. dxc4 Nd4 11. Ng3 Nh7 12. f5 Qh4 13. Nd5 c6 14. Ne3 Nf6 15. c3 Nxe4 16. Nxe4 Qxe4 17. cxd4 Bxd4 18. Qc2 Qxc2 19. Nxc2 Bb6 20. Be3 Bc7 21. f6 d5 22. Bc5 Rfe8 23. Ne3 e4+ 24. Kh1 b6 25. Bd4 Rad8 26. fxg7 Be5 27. Bxe5 Rxe5 28. Ng4 Re6 29. cxd5 cxd5 30. Rad1 Kxg7 31. Ne3 Re5 32. Rd4 Rc8 33. g4 Kg6 34. Rfd1 Kg5 35. Kg2 Rc5 36. Kg3 h5 37. h4+ Kg6 38. Kf4 Kf6 39. Nxd5+ Ke6 40. Nc7+ Kf6 41. Rd6+ Kg7 42. b4 Rxc7 43. Kxe5 hxg4 44. Kxe4 Rc4+ 45. R6d4 1-0

[Event "Canarias-ch U16"]
[Site "Costa Teguise"]
[Date "2014.04.25"]
[Round "5"]
[White "Ramirez Maillo, Cristian"]
[Black "Diaz Martin, Cristina"]
[Result "0-1"]
[WhiteElo "1598"]
[BlackElo "1541"]
[PlyCount "78"]
[EventDate "2014.04.24"]
[EventType "swiss"]
[EventRounds "7"]
[EventCountry "ESP"]
[SourceTitle "EXT 2016"]
[Source "ChessBase"]
[SourceDate "2015.10.08"]
[SourceVersion "1"]
[SourceVersionDate "2015.10.08"]
[SourceQuality "1"]

1. e4 e5 2. f4 d5 3. exd5 exf4 4. Nf3 c6 5. dxc6 Nxc6 6. d4 Bd6 7. Bc4 Nf6 8. 0-0 0-0 9. Nc3 Bf5 10. Ne2 Qc7 11. Bd3 Ne7 12. c3 Rfe8 13. Qc2 Bxd3 14. Qxd3 Ned5 15. c4 Ne3 16. Bxe3 Rxe3 17. Qc2 Rae8 18. Rae1 Bb4 19. Nc3 Bxc3 20. bxc3 Qxc4 21. Rxe3 Rxe3 22. Re1 Qxc3 23. Qxc3 Rxc3 24. Re7 Rc1+ 25. Kf2 Rc2+ 26. Kf1 Rxa2 27. Rxb7 h6 28. Ne5 a5 29. Nc4 a4 30. Ra7 Ne4 31. d5 a3 32. Rxa3 Rxa3 33. Nxa3 Kf8 34. Ke1 Ke7 35. Nc4 Nd6 36. Ne5 Kf6 37. Nd3 Kf5 38. Ke2 Ke4 39. Nb4 f5 0-1

[Event "Las Palmas Montalvo Memorial 6th"]
[Site "Las Palmas"]
[Date "2013.03.28"]
[Round "5"]
[White "Sanabria Taskila, Jenny Maria"]
[Black "Diaz Martin, Cristina"]
[Result "1-0"]
[WhiteElo "1270"]
[BlackElo "1471"]
[PlyCount "120"]
[EventDate "2013.03.25"]
[EventType "swiss"]
[EventRounds "9"]
[EventCountry "ESP"]
[SourceTitle "EXT 2014"]
[Source "ChessBase"]
[SourceDate "2013.11.20"]
[SourceVersion "1"]
[SourceVersionDate "2013.11.20"]
[SourceQuality "1"]

1. e4 e5 2. Nf3 Nc6 3. Bb5 a6 4. Ba4 Nf6 5. 0-0 Bc5 6. d3 d6 7. Nbd2 0-0 8. Re1 Bg4 9. c3 b5 10. Bc2 Re8 11. Nf1 h6 12. Ng3 d5 13. h3 Be6 14. d4 exd4 15. cxd4 Bb4 16. Bd2 Bxd2 17. Qxd2 dxe4 18. Nxe4 Bd5 19. Nxf6+ Qxf6 20. Qd3 g6 21. Re3 Rxe3 22. Qxe3 Bxf3 23. Qxf3 Qxf3 24. gxf3 Nxd4 25. Be4 Rd8 26. Re1 Re8 27. Kf1 Kg7 28. Rc1 Re7 29. Rd1 Ne6 30. Bb7 Nc5 31. Bc8 Re8 32. b4 Rxc8 33. bxc5 b4 34. Ke2 Rb8 35. Rd7 Rc8 36. Kd3 Rb8 37. Kc4 a5 38. Rxc7 a4 39. c6 Rb6 40. Kc5 b3 41. axb3 Rxb3 42. Rb7 Rxf3 43. c7 Rxf2 44. Kb6 Rc2 45. Rb8 a3 46. c8Q Rxc8 47. Rxc8 a2 48. Ra8 Kf6 49. Rxa2 Kg5 50. Ra4 f5 51. Kc5 f4 52. Kd5 f3 53. Ke5 h5 54. h4+ Kh6 55. Kf6 Kh7 56. Rf4 f2 57. Rxf2 Kh6 58. Rg2 Kh7 59. Rxg6 Kh8 60. Rh6+ Kg8 1-0

[Event "Las Palmas Montalvo Memorial 5th"]
[Site "Las Palmas"]
[Date "2012.04.06"]
[Round "6"]
[White "Diaz Martin, Cristina"]
[Black "Cruz Ramirez, Nauzet"]
[Result "0-1"]
[WhiteElo "1407"]
[BlackElo "1710"]
[PlyCount "68"]
[EventDate "2012.04.02"]
[EventType "swiss"]
[EventRounds "9"]
[EventCountry "ESP"]
[SourceTitle "CBM 147 Extra"]
[Source "ChessBase"]
[SourceDate "2012.04.24"]
[SourceVersion "1"]
[SourceVersionDate "2012.04.24"]
[SourceQuality "1"]

1. e4 c5 2. Nf3 e6 3. d4 cxd4 4. Nxd4 a6 5. a3 d6 6. Nc3 b5 7. Be3 Bb7 8. Bd3 Nf6 9. 0-0 Be7 10. Qf3 0-0 11. Qh3 Nbd7 12. Nf3 Re8 13. Ng5 h6 14. Nf3 Bf8 15. Qg3 Kh8 16. e5 dxe5 17. Nxe5 Nxe5 18. Qxe5 Bd6 19. Qd4 Qc7 20. Qh4 Qc6 21. Qh3 Kg8 22. Rad1 Rad8 23. Rfe1 e5 24. Bf5 g6 25. Bg4 Nxg4 26. Qxg4 h5 27. Qg3 Bc7 28. Bg5 f6 29. Bh4 Kf7 30. f3 g5 31. Bxg5 fxg5 32. Qxg5 Qg6 33. Qh4 Bxf3 34. Qf2 Bb6 0-1

[Event "Las Palmas Montalvo Memorial 5th"]
[Site "Las Palmas"]
[Date "2012.04.03"]
[Round "2"]
[White "Diaz Martin, Cristina"]
[Black "Sanchez Montesdeoca, Isaac"]
[Result "1/2-1/2"]
[WhiteElo "1407"]
[BlackElo "1775"]
[PlyCount "76"]
[EventDate "2012.04.02"]
[EventType "swiss"]
[EventRounds "9"]
[EventCountry "ESP"]
[SourceTitle "CBM 147 Extra"]
[Source "ChessBase"]
[SourceDate "2012.04.24"]
[SourceVersion "1"]
[SourceVersionDate "2012.04.24"]
[SourceQuality "1"]

1. e4 b6 2. d4 Bb7 3. Nc3 e6 4. a3 Nf6 5. Bd3 c5 6. Nf3 a6 7. Bg5 Be7 8. e5 Nd5 9. Ne4 Qc7 10. Bxe7 Kxe7 11. Nd6 Nf4 12. Rg1 cxd4 13. Qd2 Nxd3+ 14. Qxd3 Nc6 15. Qd2 h6 16. Nxb7 Nxe5 17. Qxd4 Nxf3+ 18. gxf3 Qxb7 19. 0-0-0 g6 20. Qh4+ g5 21. Qb4+ Ke8 22. Qd4 Rg8 23. Qf6 Rg6 24. Qh8+ Ke7 25. Qd4 Qc6 26. f4 Rc8 27. Rd2 d5 28. fxg5 hxg5 29. h4 f6 30. hxg5 Rxg5 31. Rxg5 fxg5 32. Qg7+ Kd6 33. Qxg5 Qc4 34. Qg3+ e5 35. Qg6+ Kc5 36. Qd3 Qxd3 37. Rxd3 Rf8 38. f3 Rf4 1/2-1/2

[Event "Canarias-ch 29th"]
[Site "Amurga de San Fdo Maspal"]
[Date "2011.05.29"]
[Round "7"]
[White "Pozo Vinuesa, Ana"]
[Black "Diaz Martin, Cristina"]
[Result "1-0"]
[WhiteElo "1419"]
[BlackElo "1402"]
[PlyCount "103"]
[EventDate "2011.05.27"]
[EventType "swiss"]
[EventRounds "7"]
[EventCountry "ESP"]
[SourceTitle "EXT 2013"]
[Source "ChessBase"]
[SourceDate "2012.11.22"]
[SourceVersion "1"]
[SourceVersionDate "2012.11.22"]
[SourceQuality "1"]

1. e4 e5 2. Nf3 Nc6 3. Bb5 a6 4. Ba4 Nf6 5. Nc3 Bb4 6. d3 0-0 7. Bxc6 bxc6 8. Nxe5 Re8 9. Nf3 d6 10. h3 h6 11. 0-0 Bxc3 12. bxc3 Rb8 13. Nd4 Bd7 14. Re1 c5 15. Nb3 Bb5 16. c4 Bc6 17. Bb2 Qd7 18. e5 dxe5 19. Bxe5 Qf5 20. Bxf6 Qxf6 21. Nxc5 Qg5 22. Ne4 Qg6 23. Qg4 Qxg4 24. hxg4 Rb2 25. Re2 Bd7 26. f3 f5 27. gxf5 Bxf5 28. Rd2 Bxe4 29. dxe4 Re5 30. Rd5 Re6 31. Rc5 Re7 32. Rc6 a5 33. Rc5 Rxc2 34. Rxa5 Rxc4 35. Ra8+ Kf7 36. a4 Rc2 37. a5 Rd7 38. a6 Rdd2 39. Kh2 Rxg2+ 40. Kh3 Rh2+ 41. Kg3 g5 42. Kg4 Ke6 43. Re8+ Kf6 44. e5+ Kg6 45. Rg8+ Kf7 46. a7 Rhg2+ 47. Kf5 Rc4 48. Rf8+ Kxf8 49. a8Q+ Kf7 50. Qd5+ Ke7 51. Qe6+ Kd8 52. Ra8# 1-0